000 00596nam a22002177i 4500
003 URS
005 20220114152556.0
008 170222b xxu||||| |||| 00| 0 eng d
020 _a0140421084
040 _erda
_cURSP-College Library
_beng
050 0 0 _bL9411 1979
100 1 _aLove, Harold
245 _aRestoration Verse
_cHarold Love
264 1 _aNew York
_bPenguin Books
_c1979.
300 _a375pages
_c18cm.
336 _atext
_btxt
_2rdacontent
337 _aunmediated
_bn
_2rdamedia
338 _avolume
_bnc
_2rdacarrier
500 _aIncludes biographical and index
942 _2lcc
_cFR
999 _c6943
_d6943